000 00491nam a2200169 i 4500
001 bg
100 1 _aSKARZYŃSKI, Tadeusz.
245 0 _aPrzewody elektryczne: budowa, własności, zastosowanie /
_cTadeusz Skarzyński, Henryk Kończykowski Z.Koteraz.
250 _aWyd.2 zmien. i uzup.
260 _aWarszawa,
_c1982.
700 1 _aKOŃCZYKOWSKI, Henryk.
700 1 _aKOTERAS, Zygmunt.
040 _cBPK
041 _apol
942 _cKS
008 s pl f |000 0 pol
999 _c20295
_d20295
856 _uhttp://koha.tu.koszalin.pl/cgi-bin/koha/opac-detail.pl?biblionumber=20295
_yKatalog online BPK